01389cam a2200373Ii 45000010014000000080041000140200034000550200033000890200034001220200034001560200030001900200031002200240032002510400012002830410008002950820018003032450064003212640040003853000040004254900032004655040069004975050162005666500012007286500051007407000028007917000017008197000024008368300033008608560075008939040012009689050013009809420007009939990015010009780203111550180706s2013 nyua ob 001 0 eng d a9780203111550q(e-book : PDF) a9781136278907q(e-book: PDF) a9781136278853q(e-book: Mobi) a9781136278891q(e-book: ePub) z9780415518291q(hardback) z9781138015753q(paperback)7 a10.4324/9780203111550 2doi aKObeng0 aeng04a364.164bM34200aMaritime piracy and the construction of global governance / 1aNew York, N.Y. :bRoutledge,c2013. a1 online resource (xxii, 226 pages)1 aNew international relations aIncludes bibliographical references (pages [201]-217) and index.0 apt. 1. Constructions through law -- pt. 2. Constructions through institutions -- pt. 3. Rethinking the construction of global governance for maritime piracy. 0aPiracy. 0aPiracyxPreventionxInternational cooperation.1 aCarlson, Jon D.,d1969-1 aNance, Mark.1 aStruett, Michael J. 0aNew international relations.40uhttps://www.taylorfrancis.com/books/9781136278907zClick here to view. aRUDRA_R aR_RANJAN cEB c2989d2989